Score 0/48 Timer 03:00
1 Play Today
% Correct
s1
98.4%
s2
98.4%
s3
98.4%
s4
98.4%
s5
98.4%
s6
98.4%
s7
98.4%
s8
98.4%
s9
98.4%
s10
98.4%
s11
98.4%
SpongeBob SquarePants
98.3%
p1
90.3%
p2
90.3%
p3
90.3%
p4
90.3%
p5
90.3%
p6
90.3%
Patrick Star
90.2%
l1
85.6%
l2
85.6%
l3
85.6%
l4
85.6%
l5
85.6%
% Correct
l6
85.6%
l7
85.6%
Squidward Q. Tentacles
85.6%
e1
82.3%
e2
82.3%
e3
82.3%
e4
82.3%
e5
82.2%
e6
82.2%
e7
82.2%
Mr. Krabs
82.1%
j1
81.9%
j2
81.9%
j3
81.9%
j4
81.9%
j5
81.9%
j6
81.9%
Sheldon J. Plankton
81.7%
g1
81.4%
g2
81.4%
g3
81.4%
g4
81.4%
g5
81.4%
Gary the Snail
81.3%
Remove Ads.
Support Sporcle.
Get the best of Sporcle when you Go Orange. This ad-free experience offers more features, more stats, and more fun while also helping to support Sporcle. Thank you for becoming a member.

You're not logged in!

Compare scores with friends on all Sporcle quizzes.
OR
Log In

Show Comments

Extras

Top Quizzes Today


Score Distribution

Your Account Isn't Verified!

In order to create a playlist on Sporcle, you need to verify the email address you used during registration. Go to your Sporcle Settings to finish the process.

Report this User

Report this user for behavior that violates our Community Guidelines.

Details: